Organisation Flags - Statistics

General Stats
  • This quiz has been taken 284 times
    279 since last reset
  • The average score is 8 of 15
Answer Stats
Picture Answer % Correct
United Nations
97%
European Union
96%
NATO
96%
Red Cross
76%
Olympics
74%
African Union
70%
Arab League
53%
World Health Organisation
46%
Antarctic Treaty
42%
Warsaw Pact
42%
The Commonwealth of Nations
40%
Red Crescent
35%
Pacific Community
17%
Unrepresented Nations and Peoples Organization
2%
Nordic Control
1%
No matching quizzes found
Score Distribution
Percent of People with Each Score
Percentile by Number Answered
Your Score History
You have not taken this quiz since the last reset